[Event "Stefanini Chess"]
[Site "http://www.queenalice.com/game.php?id=393253"]
[Date "2008.4.25"]
[Round "1"]
[White "guedes"]
[Black "Frost"]
[Result "1/2-1/2"]
[WhiteElo "1352"]
[BlackElo "1473"]

1. d4 d5 2. Nc3 Nf6 3. Qd3 h5 4. e4 h4 5. Bf4 b6 6. Nb5 dxe4 7. Qc4 Be6 8. Nxc7+
Kd7 9. Qa4+ Nc6 10. Nxa8 Qxa8 11. f3 Nd5 12. Ne2 e3 13. Nc3 Nxf4 14. O-O-O a6
15. d5 b5 16. dxe6+ Kxe6 17. Qe4+ Kf6 1/2-1/2

[Event "Guedes x Fabiano"]
[Site "http://www.queenalice.com/game.php?id=395140"]
[Date "2008.4.29"]
[Round "-"]
[White "guedes"]
[Black "fabianobueno21"]
[Result "1-0"]
[WhiteElo "1560"]
[BlackElo "1640"]

1. d4 d5 2. Nc3 c6 3. e4 dxe4 4. Nxe4 e5 5. Nf3 exd4 6. Nxd4 Be7 7. Be3 Nf6 8.
Qf3 O-O 9. h3 Nxe4 10. Qxe4 Re8 11. Bd3 g6 12. O-O Bf6 13. Qf4 a6 14. h4 Bxh4
15. Bc4 Bf6 16. Nf3 Be6 17. b3 Bxc4 18. Rad1 Bd5 19. Qh6 Bg7 20. Qf4 Qf6 21.
Qxf6 Bxf6 22. Nd2 Nd7 23. c4 Be6 24. Ne4 1-0

[Event "Challenge"]
[Site "http://www.queenalice.com/game.php?id=395317"]
[Date "2008.4.29"]
[Round "-"]
[White "allvaro"]
[Black "guedes"]
[Result "0-1"]
[WhiteElo "1258"]
[BlackElo "1506"]

1. e4 d5 2. e5 Nc6 3. Nf3 Bg4 4. d4 f6 5. h3 Bxf3 6. gxf3 fxe5 7. Bb5 Qd6 8. a3
a6 9. Bf1 exd4 10. Bd3 Qe6+ 11. Be2 h6 12. f4 Nf6 13. c3 dxc3 14. Nxc3 g5 15.
fxg5 hxg5 16. b4 O-O-O 17. b5 Qe5 18. bxc6 Qxc3+ 19. Bd2 Qxc6 20. Rc1 Qb6 21.
Be3 Qa5+ 22. Bd2 Qxa3 23. Rc3 Qa5 24. Qc1 Rd7 25. Rc2 Qb6 26. Qa1 e6 27. Ba5
Bb4+ 28. Bxb4 Qxb4+ 29. Rd2 Qe4 30. Qxf6 Qxh1+ 31. Bf1 Qe4+ 32. Re2 Qb1+ 33. Kd2
Rh4 34. Rxe6 Qxf1 35. Qh8+ Rxh8 36. Re1 Qxf2+ 37. Re2 Qd4+ 38. Kc2 Rxh3 0-1

[Event "Challenge"]
[Site "http://www.queenalice.com/game.php?id=400671"]
[Date "2008.5.9"]
[Round "-"]
[White "ane"]
[Black "guedes"]
[Result "0-1"]
[WhiteElo "1387"]
[BlackElo "1471"]

1. e4 d5 2. Nc3 Nf6 3. b3 e5 4. d3 Nc6 5. Nf3 Bb4 6. Bd2 Qd6 7. Ng5 Be6 8. f3 d4
9. Nb1 a5 10. c3 dxc3 11. Nxc3 Qc5 12. Nxe6 fxe6 13. Rc1 Ba3 14. Rc2 Nd4 15. g4
Nxc2+ 16. Qxc2 a4 17. bxa4 O-O 18. g5 Nh5 19. Be2 Rxa4 20. Qxa4 Nf4 21. Bf1 Bb4
22. h4 Bxc3 23. h5 Qe3+ 24. Be2 Qxd2+ 25. Kf2 Qxe2+ 26. Kg1 Qg2# 0-1

[Event "AUTO-INT-911"]
[Site "http://www.queenalice.com/game.php?id=406781"]
[Date "2008.5.22"]
[Round "1"]
[White "Mehiel"]
[Black "guedes"]
[Result "0-1"]
[WhiteElo "1661"]
[BlackElo "1585"]

1. d4 d5 2. Nf3 Nc6 3. e3 Nf6 4. Bd3 e6 5. O-O Bd6 6. Nc3 O-O 7. Nb5 Be7 8. b3
a6 9. Nc3 Nb4 10. a3 Nxd3 11. cxd3 Bd7 12. e4 Re8 13. Bg5 Bc6 14. e5 Ng4 15.
Bxe7 Qxe7 16. g3 Nh6 17. h4 Nf5 18. b4 Kh8 19. Ne2 a5 20. bxa5 Rxa5 21. Nf4 Rea8
22. Qc2 Kg8 23. Ra2 Ra4 24. Qc3 Rxa3 25. Rxa3 Rxa3 26. Qb2 h6 27. Ra1 Rxa1+ 28.
Qxa1 Qb4 29. Qa8+ Kh7 30. Qb8 Nxd4 31. Nxd4 Qxd4 32. Qxc7 Qa1+ 33. Kh2 d4 34.
Ng2 Qf1 35. Kh3 Qxg2+ 36. Kg4 h5+ 37. Kxh5 Qf3+ 38. g4 Qf4 39. Qe7 Qh6# 0-1

[Event "AUTO-INT-911"]
[Site "http://www.queenalice.com/game.php?id=406782"]
[Date "2008.5.22"]
[Round "1"]
[White "guedes"]
[Black "Mehiel"]
[Result "0-1"]
[WhiteElo "1587"]
[BlackElo "1633"]

1. d4 d5 2. Nc3 Nf6 3. Qd3 Nc6 4. Nf3 Bd7 5. Bg5 e6 6. e3 Be7 7. Be2 h6 8. Bf4
Nb4 9. Qd1 O-O 10. a3 Nc6 11. h3 a6 12. Kf1 Na5 13. Ne5 Ne4 14. Nxe4 dxe4 15.
Nxd7 Qxd7 16. b4 Nc6 17. Bh2 Bh4 18. c4 Qe7 19. g3 Bf6 20. Kg2 a5 21. b5 Na7 22.
Qc2 b6 23. Qxe4 Rac8 24. Bd3 g6 25. Qb7 Ra8 26. g4 Rfc8 27. Qf3 c5 28. Be4 Rab8
29. Bxb8 Rxb8 30. Rad1 cxd4 31. exd4 Bg7 32. d5 exd5 33. Rxd5 Rc8 34. Qd3 a4 0-1

[Event "AUTO-INT-911"]
[Site "http://www.queenalice.com/game.php?id=406799"]
[Date "2008.5.22"]
[Round "1"]
[White "guedes"]
[Black "Amorim_TJ"]
[Result "0-1"]
[WhiteElo "1589"]
[BlackElo "1616"]

1. d4 c5 2. dxc5 e5 3. b4 Nc6 4. a3 a5 5. Bb2 Nf6 6. c3 Ne4 7. e3 Qf6 8. Nf3 d6
9. Nbd2 Nxd2 10. Nxd2 dxc5 11. Ne4 Qd8 12. Be2 axb4 13. axb4 Rxa1 14. Qxa1 cxb4
15. cxb4 Bxb4+ 16. Bc3 Bf5 17. Bxb4 Nxb4 18. Qxe5+ Kf8 19. Qxf5 Qc7 0-1

[Event "AUTO-INT-911"]
[Site "http://www.queenalice.com/game.php?id=406800"]
[Date "2008.5.22"]
[Round "1"]
[White "Amorim_TJ"]
[Black "guedes"]
[Result "1-0"]
[WhiteElo "1661"]
[BlackElo "1535"]

1. e4 e5 2. Nf3 d6 3. d4 Nf6 4. Bc4 h6 5. dxe5 Nh7 6. exd6 cxd6 7. O-O Nc6 8.
Nc3 Be6 9. Nd5 f5 10. exf5 Bxf5 11. Re1+ Ne7 12. Nxe7 Bxe7 13. Qd5 Rf8 14. Nd4
Qd7 15. Bb5 Kd8 16. Bxd7 Bxd7 17. Qxb7 Rc8 18. Bf4 Rxf4 19. Rad1 Rc7 20. Qb4 1-0

[Event "Challenge"]
[Site "http://www.queenalice.com/game.php?id=407311"]
[Date "2008.5.23"]
[Round "-"]
[White "guedes"]
[Black "guizani"]
[Result "1-0"]
[WhiteElo "1516"]
[BlackElo "1499"]

1. e4 Nf6 2. Nc3 c6 3. Bc4 b5 4. Bd3 Qa5 5. e5 Nd5 6. Nxd5 cxd5 7. Nf3 d6 8. Ng5
h6 9. Nxf7 Kxf7 10. Qf3+ Ke8 11. Qxd5 Bb7 12. Qxb7 dxe5 13. Bxb5+ Kf7 14. Qf3+
Ke6 15. Bc4+ Kd7 16. Qxa8 Qa4 17. Qb7+ Kd8 18. Qxb8+ Kd7 19. Bb5+ Qxb5 20. Qxb5+
Ke6 21. c3 g5 22. d4 e4 23. O-O Kf6 24. Qe5+ Kf7 25. f3 exf3 26. Rxf3+ Kg8 27.
Qe6+ 1-0

[Event "Challenge"]
[Site "http://www.queenalice.com/game.php?id=408289"]
[Date "2008.5.26"]
[Round "-"]
[White "gomonkey"]
[Black "guedes"]
[Result "0-1"]
[WhiteElo "1496"]
[BlackElo "1568"]

1. e4 e5 2. c4 Nc6 3. Nf3 Nf6 4. d3 Bb4+ 5. Bd2 Bxd2+ 6. Qxd2 d6 7. d4 Nxe4 8.
Qd3 Bf5 9. d5 Nb4 10. Qb3 Ng3 11. Qa4+ Qd7 12. Qxb4 Nxh1 13. g3 c5 14. Bg2 cxb4
15. Bxh1 O-O 16. Nbd2 e4 17. Nd4 Rae8 18. O-O-O e3 19. fxe3 Qa4 20. a3 Rxe3 21.
Nxf5 Re2 22. Nxd6 bxa3 23. Nb1 axb2# 0-1

[Event "Challenge"]
[Site "http://www.queenalice.com/game.php?id=408291"]
[Date "2008.5.26"]
[Round "-"]
[White "guedes"]
[Black "gomonkey"]
[Result "1-0"]
[WhiteElo "1540"]
[BlackElo "1488"]

1. e4 e5 2. Nf3 d5 3. exd5 Qxd5 4. Nc3 Qa5 5. Bc4 Qc5 6. d3 Bg4 7. Bxf7+ Kxf7 8.
Ng5+ Kg6 9. Qxg4 h6 10. Ne6+ Kf7 11. Nd8+ Kf6 12. Qe6# 1-0

[Event "Challenge"]
[Site "http://www.queenalice.com/game.php?id=409880"]
[Date "2008.5.29"]
[Round "-"]
[White "flaviovieira"]
[Black "guedes"]
[Result "1-0"]
[WhiteElo "1725"]
[BlackElo "1601"]

1. e4 e5 2. Nf3 Nc6 3. Bb5 Nf6 4. d3 Bc5 5. Bxc6 bxc6 6. Nxe5 O-O 7. Nc3 d6 8.
Nxc6 Qd7 9. Na5 Bb4 10. Nc4 Bxc3+ 11. bxc3 Qc6 12. O-O Nxe4 13. Qf3 Ba6 14. Be3
1-0

[Event "Challenge"]
[Site "http://www.queenalice.com/game.php?id=410622"]
[Date "2008.5.30"]
[Round "-"]
[White "tuninglou"]
[Black "guedes"]
[Result "1-0"]
[WhiteElo "1548"]
[BlackElo "1573"]

1. Nf3 d5 2. d4 Nc6 3. Nc3 Nf6 4. e3 Bf5 5. Bd3 g6 6. O-O e6 7. Bxf5 gxf5 8. Re1
Qd6 9. Nb5 Qe7 10. Bd2 Bg7 11. Ne5 Nxe5 12. dxe5 Ne4 13. f4 Qc5 14. Nd4 O-O-O
15. Nb3 Qb5 16. Qe2 Qc6 17. Nd4 1-0

[Event "QA-ANNIV-04"]
[Site "http://www.queenalice.com/game.php?id=418434"]
[Date "2008.6.16"]
[Round "1"]
[White "guedes"]
[Black "Jonny_Fake"]
[Result "0-1"]
[WhiteElo "1607"]
[BlackElo "1866"]

1. Nc3 e5 2. Nf3 d6 3. e4 Nf6 4. Bc4 Nc6 5. Ng5 Be6 6. Nxe6 fxe6 7. Bxe6 Nd4 8.
Bh3 Be7 9. a3 O-O 10. Nd5 Nxe4 0-1